[Event "Wch U16 Girls"]
[Site "Durban"]
[Date "2014.09.21"]
[Round "3"]
[White "Le Bihan, Alison"]
[Black "Zhang, Manxuan"]
[Result "1/2-1/2"]
[WhiteElo "1714"]
[BlackElo "1593"]
[PlyCount "84"]
[EventDate "2014.09.20"]
[EventType "swiss"]
[EventRounds "11"]
[EventCountry "RSA"]
[SourceTitle "CBM 162 Extra"]
[Source "ChessBase"]
[SourceDate "2014.10.17"]
[SourceVersion "1"]
[SourceVersionDate "2014.10.17"]
[SourceQuality "1"]

1. d4 f5 2. Nf3 Nf6 3. g3 g6 4. Bg2 Bg7 5. 0-0 0-0 6. c4 d6 7. Nc3 c6 8. Re1 Na6 9. e4 fxe4 10. Nxe4 Bg4 11. Neg5 Qd7 12. h3 Bxf3 13. Bxf3 Nc7 14. Bg2 h6 15. Nf3 g5 16. h4 g4 17. Nh2 Rae8 18. Nf1 Rf7 19. Be3 d5 20. b4 e5 21. dxe5 Rxe5 22. Qd2 Qe6 23. Bf4 Ne4 24. Bxe4 Rxe4 25. Rxe4 Qxe4 26. Re1 Qd4 27. Bxc7 Qxd2 28. Re8+ Kh7 29. Nxd2 Rxc7 30. Kg2 dxc4 31. Nxc4 Rf7 32. Ne5 Bxe5 33. Rxe5 Kg8 34. Re4 h5 35. Re5 Rd7 36. Re1 Kf7 37. f3 gxf3+ 38. Kxf3 Rd3+ 39. Kg2 Rd7 40. Kf3 Rd3+ 41. Kg2 Rd7 42. Kf3 Rd3+ 1/2-1/2